|
|
|
|
| LEADER |
00640nam a22002172a 4500 |
| 001 |
000952666 |
| 003 |
CZ BrMZK |
| 005 |
20091020074905.0 |
| 007 |
ta |
| 008 |
090703s1965 xr f er|||||||||||fre d |
| 015 |
|
|
|a cnb000483377
|
| 035 |
|
|
|a (OCoLC)85347973
|
| 040 |
|
|
|a BOA001
|b cze
|
| 100 |
1 |
|
|a Moulis, Miloslav,
|d 1921-2010
|7 jk01082200
|4 aut
|
| 245 |
1 |
3 |
|a Le maire c'est 50 000 habitants /
|c Miloslav Moulis
|
| 260 |
|
|
|a Prague :
|b Práce,
|c 1965
|
| 300 |
|
|
|a 61 s., příl.
|
| 910 |
|
|
|a BOA001
|b 1-0535.497
|
| 990 |
|
|
|a BK
|
| 991 |
|
|
|b 200907
|
| 996 |
6 |
|
|b 2619458389
|c 1-0535.497
|l MZK
|r Sklad / do 1 hodiny
|n 0
|w 001084531
|u 000010
|a 1
|e BOA001
|j MZK50
|s P
|